| 000 | 00571nam a22002052 4500 | ||
|---|---|---|---|
| 001 | 0000020509 | ||
| 005 | 20151217152216.0 | ||
| 008 | 110920s xx 000 0 eng d | ||
| 020 | _a0853696445 : | ||
| 040 |
_aKABU _cKABU |
||
| 100 | 1 |
_aNathan, Alan. _@0000180842 |
|
| 245 | 1 | 0 |
_aNon-prescription medicines / _cAlan Nathan. |
| 250 | _a3rd ed. | ||
| 260 |
_aLondon : _bPhP, _c2006. |
||
| 300 | _axi, 441 p. | ||
| 650 | 0 |
_aDrugs, Nonprescription. _@0000072690 |
|
| 852 | 1 | _9p5245 KES | |
| 908 | _a110920 | ||
| 950 | _@1 | ||
| 999 |
_c9371 _d9371 |
||